|
|
|
|
| LEADER |
00889nam a2200241 a 4500 |
| 001 |
GR-Patra16616 |
| 008 |
031218s1999 nyu e 000 0 eng d |
| 020 |
|
|
|a 0387985212
|
| 040 |
|
|
|a GrPaTEI
|b gre
|c GR-PaULI
|
| 040 |
|
|
|a GrPaTEI
|b gre
|c GR-PaULI
|
| 082 |
|
0 |
|a 510
|2 21
|
| 100 |
1 |
|
|a Ivanov, O.A.
|
| 245 |
1 |
0 |
|a Easy as π? :
|b An introduction to Higher Mathematics /
|c O.A. Ivanov ; translated by Robert G. Burns.
|
| 260 |
|
|
|a New York :
|b Springer,
|c c1999
|
| 300 |
|
|
|a xviii, 187σ.
|
| 500 |
|
|
|a With 60 illustrations
|
| 504 |
|
|
|a Bibliography: p.177-179
|
| 650 |
|
0 |
|a MATHEMATICS
|
| 700 |
1 |
|
|a Burns, Robert G.
|
| 942 |
|
|
|2 ddc
|
| 952 |
|
|
|0 0
|1 0
|2 ddc
|4 0
|6 510_000000000000000_IVA
|7 0
|9 296216
|a LISK
|b LISK
|c BSC
|d 2021-01-17
|e 24
|f 0
|g 0.00
|l 0
|o 510 IVA
|p 92410018504
|r 2021-01-17 00:00:00
|t 1
|w 2021-01-17
|y BK15
|x 20031218 0 1
|x GrPaTEI
|
| 971 |
|
|
|a .b26641318
|b 15-04-20
|c 23-09-16
|
| 999 |
|
|
|c 172671
|d 172671
|